000 00569nam a2200241Ia 4500
003 OSt
005 20220924144355.0
006 a|||||r|||| 00| 0
007 ta
008 220923b |||||||| |||| 00| 0 urd d
020 _c2.00
024 _a313983
037 _cTextual
040 _aARTS
_cARTS
_burd
041 _2urd
_aurd
082 _aO168,1MHA3x, C1
100 _aHafiz
245 0 _aKhum khana-e-Hijar
260 _c1891
650 _aURDU POETRY
942 _hO168,1MHA3x, C1
_cTEXL
_2CC
999 _c456895
_d456895